• 首页
  • 本馆介绍
  • 公告通知
  • 最新文献
  • 馆藏检索
  • 电子资源
  • 读者导购
  • 参考咨询
  • 我的图书馆
  • 登录
  • 详细信息显示
  • 放入我的书架
  • 预约/预借图书
  • 作者相关作品
  • 分类相关作品
  • 丛书相关作品
  • 出版社相关作品

书目信息

  • 表格格式
  • 工作单格式
  • 卡片格式
题名:
如何读懂中国古典词曲
    
 
作者: 龙榆生 著
分册:  
出版信息: 北京   应急管理出版社  2022.09
页数: 10, 226页
开本: 24cm
丛书名: 国学大师经典学术著作
单 册:
中图分类: I207.23 , I207.24
科图分类:
主题词: 词 (文学)--ci (wen xue )--诗词研究--中国--古代 , 散曲--san qu--文学研究--中国--古代
电子资源:
ISBN: 978-7-5020-9371-6
000 01347nam 2200313 450
001 CAL 012022020217
005 20230217093111.0
010    @a978-7-5020-9371-6@dCNY49.80
100    @a20220920d2022 em y0chiy0120 ea
101 0  @achi
102    @aCN@b110000
105    @ay z 000yy
106    @ar
200 1  @a如何读懂中国古典词曲@Aru he du dong zhong guo gu dian ci qu@f龙榆生等著
210    @a北京@c应急管理出版社@d2022.09
215    @a10, 226页@d24cm
225 2  @a国学大师经典学术著作@Aguo xue da shi jing dian xue shu zhu zuo
225 2  @a如何读懂中国古典文学@Aru he du dong zhong guo gu dian wen xue
314    @a龙榆生 1902—1966, 江西万载人。早年师从近代著名诗人陈衍、词人朱祖谋。后在暨南大学、中山大学、上海音乐学院等校执教。现代词学研究的主要奠基人之一。
330    @a本书分为“中国古典词曲的历史源流”和“中国古典词曲名家名作解析”两篇, 内容包括燕乐杂曲词之兴起、慢词之发展、词体之解放、唐五代词人与词、词学绪论、“词”的存在问题、词曲的特性和两者的差别等。
410  0 @12001 @a国学大师经典学术著作
410  0 @12001 @a如何读懂中国古典文学
606 0  @a词 (文学)@Aci (wen xue )@x诗词研究@y中国@z古代
606 0  @a散曲@Asan qu@x文学研究@y中国@z古代
690    @aI207.23@v5
690    @aI207.24@v5
701  0 @a龙榆生@Along yu sheng@4著
801  0 @aCN@bBJXHZP@c20230222
905    @b1393175-8@dI207.23@e1471@f4
    
    如何读懂中国古典词曲/龙榆生等著.-北京:应急管理出版社,2022.09
    10, 226页;24cm.-(国学大师经典学术著作).-(如何读懂中国古典文学)
    
    
    ISBN 978-7-5020-9371-6:CNY49.80
    本书分为“中国古典词曲的历史源流”和“中国古典词曲名家名作解析”两篇, 内容包括燕乐杂曲词之兴起、慢词之发展、词体之解放、唐五代词人与词、词学绪论、“词”的存在问题、词曲的特性和两者的差别等。
●
相关链接 在E读中查询图书 在五车中查询图书 在当当中查询图书 在豆瓣中查询图书


正题名:如何读懂中国古典词曲     索取号:I207.23/1471         预约/预借

序号 登录号 条形码 馆藏地/架位号 状态 备注
1 1393175   213931753   第一样本阅览室/ [索取号:I207.23/1471] 在馆    
2 1393176   213931762   第二借阅区/ [索取号:I207.23/1471] 在馆    
3 1393177   213931771   第二借阅区/ [索取号:I207.23/1471] 在馆    
4 1393178   213931780   第二借阅区/ [索取号:I207.23/1471] 在馆    
唐山师范学院图书馆 欢迎您!
大连网信软件有限公司© 版权所有